<?xml version="1.0" encoding="UTF-8"?>
<record
    xmlns:xsi="http://www.w3.org/2001/XMLSchema-instance"
    xsi:schemaLocation="http://www.loc.gov/MARC21/slim http://www.loc.gov/standards/marcxml/schema/MARC21slim.xsd"
    xmlns="http://www.loc.gov/MARC21/slim">

  <leader>03654nab a22006617  4500</leader>
  <controlfield tag="003">AR-RoUNA</controlfield>
  <controlfield tag="005">20250224094451.0</controlfield>
  <controlfield tag="008">241216b        |||||||| |||| 00| 0 spa d</controlfield>
  <datafield tag="022" ind1=" " ind2=" ">
    <subfield code="a">0327-9022</subfield>
  </datafield>
  <datafield tag="040" ind1=" " ind2=" ">
    <subfield code="a">AR-RoUNA</subfield>
    <subfield code="b">spa</subfield>
  </datafield>
  <datafield tag="041" ind1=" " ind2=" ">
    <subfield code="a">spa</subfield>
  </datafield>
  <datafield tag="044" ind1=" " ind2=" ">
    <subfield code="a">ag</subfield>
  </datafield>
  <datafield tag="245" ind1="0" ind2="0">
    <subfield code="a">Summa+</subfield>
  </datafield>
  <datafield tag="260" ind1=" " ind2=" ">
    <subfield code="a">Buenos Aires (Argentina):</subfield>
    <subfield code="c">Donn SA,</subfield>
    <subfield code="b">1993.</subfield>
  </datafield>
  <datafield tag="300" ind1=" " ind2=" ">
    <subfield code="a">148 p. :</subfield>
    <subfield code="b">il. byn.</subfield>
    <subfield code="b">planos</subfield>
    <subfield code="c">26x23 cm.</subfield>
  </datafield>
  <datafield tag="505" ind1="0" ind2=" ">
    <subfield code="t">INDICE</subfield>
  </datafield>
  <datafield tag="505" ind1="0" ind2=" ">
    <subfield code="t">ARQUITECTURA</subfield>
  </datafield>
  <datafield tag="505" ind1="0" ind2=" ">
    <subfield code="a">Aslan y Ezcurra / Asociados, Primer Premio VII Bienal / Pre Bienal de Arquitectura BA&#xB4;98 / AMPLIAR UNIENDO / Sede Administrativa Novartis. p.34</subfield>
  </datafield>
  <datafield tag="505" ind1="0" ind2=" ">
    <subfield code="a">Benadon, Bedichevsky, Cherry, Robinsohn / Primer Premio del Comit&#xE9; Internacional de Cr&#xED;ticos de Arquitectura CICA OFICINAS OFF CITY / Edificio &#xD3;rganon Argentina. p.40</subfield>
  </datafield>
  <datafield tag="505" ind1="0" ind2=" ">
    <subfield code="a">Carlos O. Mariani y Mar&#xED;a H. P&#xE9;rez Maraviglia / SHERATON MAR DEL PLATA / Hotel Sheraton Mar del Plata. p.46</subfield>
  </datafield>
  <datafield tag="505" ind1="0" ind2=" ">
    <subfield code="a">Jorge Glusberg, Museo Hamburger Bahnhof en Berl&#xED;n / RACIONALIDAD Y POESIA EN LA ARQUITECTURA DE JOSEF KLEIHUES. p.52</subfield>
  </datafield>
  <datafield tag="505" ind1="0" ind2=" ">
    <subfield code="t">CIUDAD Y ECOLOGIA</subfield>
  </datafield>
  <datafield tag="505" ind1="0" ind2=" ">
    <subfield code="a">Martha Marengo de Tapia / ASI DIBUJABA THAYS / Exposici&#xF3;n de dibujos de Carlos Thays en el Museo Nacional de Bellas Artes. p.59</subfield>
  </datafield>
  <datafield tag="505" ind1="0" ind2=" ">
    <subfield code="t">TEXTOS / PRE BIENAL  BA&#xB4;98</subfield>
  </datafield>
  <datafield tag="505" ind1="0" ind2=" ">
    <subfield code="a">Franco Purini / TRES CAMINOS p .64</subfield>
  </datafield>
  <datafield tag="505" ind1="0" ind2=" ">
    <subfield code="t">ARQUITECTURA / PRE BIENAL BA &#xB4;98</subfield>
  </datafield>
  <datafield tag="505" ind1="0" ind2=" ">
    <subfield code="a">Fernando Diez / LO PEQUE&#xD1;O ES HERMOSO / Mario Lara / Casas en Lima. p.70</subfield>
  </datafield>
  <datafield tag="505" ind1="0" ind2=" ">
    <subfield code="t">TEXTOS / PRE BIENAL BA &#xB4;98</subfield>
  </datafield>
  <datafield tag="505" ind1="0" ind2=" ">
    <subfield code="a">Cayetana Merc&#xE9; / ARQUITECTURA EFIMERA / Exposici&#xF3;n Hierros, Ferros, Irons. p.84 </subfield>
  </datafield>
  <datafield tag="505" ind1="0" ind2=" ">
    <subfield code="a">Alfonso Corona Mart&#xED;nez / APUNTES AL PIE. p.76</subfield>
  </datafield>
  <datafield tag="505" ind1="0" ind2=" ">
    <subfield code="a">Fernando Diez / LA FUNCION DEBE CONTINUAR. p.79</subfield>
  </datafield>
  <datafield tag="505" ind1="0" ind2=" ">
    <subfield code="t">ARQUITECTURA / PRE BIENAL BA&#xB4;98</subfield>
  </datafield>
  <datafield tag="505" ind1="0" ind2=" ">
    <subfield code="a">CONCURSO MUSEO COSTANTINI. p.82</subfield>
  </datafield>
  <datafield tag="505" ind1="0" ind2=" ">
    <subfield code="a">Fernando Diez / DIALOGO CON GREGOTTI. p.86</subfield>
  </datafield>
  <datafield tag="505" ind1="0" ind2=" ">
    <subfield code="t">PRE BIENAL BA&#xB4;98 / DISE&#xD1;O</subfield>
  </datafield>
  <datafield tag="505" ind1="0" ind2=" ">
    <subfield code="a">Exposici&#xF3;n de plater&#xED;a italiana en el Museo Nacional de Bellas Artes / LA PLATA TAMBIEN RELUCE. p.90</subfield>
  </datafield>
  <datafield tag="505" ind1="0" ind2=" ">
    <subfield code="a">Premio de la Pre Bienal de Arquitectura BA&#xB4;98 / ...Y LOS GANADORES SON ....p.96</subfield>
  </datafield>
  <datafield tag="505" ind1="0" ind2=" ">
    <subfield code="t">PRE BIENAL BA &#xB4;98 / COMUNICACION VISUAL</subfield>
  </datafield>
  <datafield tag="505" ind1="0" ind2=" ">
    <subfield code="a">Premios Prodaltex, Pre Bienal de Arquitectura BA&#xB4;98 / ARTE DIGITAL. p.98</subfield>
  </datafield>
  <datafield tag="505" ind1="0" ind2=" ">
    <subfield code="a">Concurso FV / Ferrum. Pre Bienal de Arquitectura BA &#xB4;98 / TRANSPARENTE PRIVACIDAD. p.102</subfield>
  </datafield>
  <datafield tag="505" ind1="0" ind2=" ">
    <subfield code="t">DISE&#xD1;O DE INTERIORES</subfield>
  </datafield>
  <datafield tag="505" ind1="0" ind2=" ">
    <subfield code="a">Cayetana Merc&#xE9; / TIEMPO DE COCCION. p.104</subfield>
  </datafield>
  <datafield tag="505" ind1="0" ind2=" ">
    <subfield code="a">Fernando Diez / COCINAR EN NUEVA YORK / Studio Morsa. p.112</subfield>
  </datafield>
  <datafield tag="505" ind1="0" ind2=" ">
    <subfield code="t">FRAGMENTOS</subfield>
  </datafield>
  <datafield tag="505" ind1="0" ind2=" ">
    <subfield code="a">Josep Mar&#xED;a Montaner / LECTURAS / La modernidad superada libro &#xA8;LA MODERNIDAD SUPERADA. ARQUITECTURA, ARTE Y PENSAMIENTO DEL SIGLO XX&#xA8;. p.134</subfield>
  </datafield>
  <datafield tag="505" ind1="0" ind2=" ">
    <subfield code="a">C&#xE1;tedra Arq. Jorge Lestard / UNIVERSITARIAS / Riachuelo, intervenci&#xF3;n urbana / Facultad de Arquitectura y Urbanismo. p.136</subfield>
  </datafield>
  <datafield tag="505" ind1="0" ind2=" ">
    <subfield code="a">Roberto Fern&#xE1;ndez / TEXTURAS / Del encuentro fruct&#xED;fero de Don Gabo y Don Rogelio en Cartagena. p.138</subfield>
  </datafield>
  <datafield tag="505" ind1="0" ind2=" ">
    <subfield code="a">Jorge Glusberg / LECTURAS / Bellas Artes impresas / &#xA8;San Mart&#xED;n - Lonn&#xE9; en el Museo Nacional de Bellas Artes. p.139</subfield>
  </datafield>
  <datafield tag="505" ind1="0" ind2=" ">
    <subfield code="a">Nicol&#xE1;s D&#xB4;Angelo /  APUNTES A MANO ALZADA / Palladio, Villa Rotonda. p.140</subfield>
  </datafield>
  <datafield tag="505" ind1="0" ind2=" ">
    <subfield code="t">NOTICIAS. p.141</subfield>
  </datafield>
  <datafield tag="505" ind1="0" ind2=" ">
    <subfield code="a">Mario Sabugo / Francisco Salamone / REVELACIONES. p.146</subfield>
  </datafield>
  <datafield tag="505" ind1="0" ind2=" ">
    <subfield code="a">Adriana Irigoyen / POST SCRIPTUM / Una &#xB4;phil&#xED;pica&#xA8;. .148</subfield>
  </datafield>
  <datafield tag="773" ind1="0" ind2=" ">
    <subfield code="a">Summa+:</subfield>
    <subfield code="d">Buenos Aires, Argentina</subfield>
    <subfield code="g">N&#xBA;29 (feb-mar 1998 ) p.148</subfield>
    <subfield code="x">0327-9022</subfield>
  </datafield>
  <datafield tag="908" ind1=" " ind2=" ">
    <subfield code="a">Imp</subfield>
  </datafield>
  <datafield tag="942" ind1=" " ind2=" ">
    <subfield code="2">udc</subfield>
    <subfield code="c">ART</subfield>
  </datafield>
  <datafield tag="945" ind1=" " ind2=" ">
    <subfield code="d">2022-07-08</subfield>
  </datafield>
  <datafield tag="980" ind1=" " ind2=" ">
    <subfield code="6">138</subfield>
    <subfield code="a">Carolina Rainero</subfield>
    <subfield code="g">Carolina Rainero</subfield>
    <subfield code="8">138</subfield>
  </datafield>
  <datafield tag="999" ind1=" " ind2=" ">
    <subfield code="c">11796</subfield>
    <subfield code="d">11796</subfield>
  </datafield>
  <datafield tag="952" ind1=" " ind2=" ">
    <subfield code="0">0</subfield>
    <subfield code="1">0</subfield>
    <subfield code="2">udc</subfield>
    <subfield code="4">0</subfield>
    <subfield code="7">0</subfield>
    <subfield code="a">AR-RoUNA</subfield>
    <subfield code="b">AR-RoUNA</subfield>
    <subfield code="c">Heme</subfield>
    <subfield code="d">2025-02-24</subfield>
    <subfield code="e">Don</subfield>
    <subfield code="l">0</subfield>
    <subfield code="p">1002588</subfield>
    <subfield code="r">2025-02-24</subfield>
    <subfield code="t">ej. 1</subfield>
    <subfield code="w">2025-02-24</subfield>
    <subfield code="y">ART</subfield>
    <subfield code="k">K6</subfield>
    <subfield code="x"></subfield>
  </datafield>
</record>
